| 000 | 00944nam a22003377a 4500 | ||
|---|---|---|---|
| 001 | BR8104082 | ||
| 003 | BR-BrBNA | ||
| 005 | 20230928091007.0 | ||
| 007 | ta | ||
| 008 | 230509b bl.||||| |||| 00| 0 por d | ||
| 040 |
_aBR-BrBNA _bpor _cBiblioteca Nacional de Agricultura |
||
| 041 | _a(Por) | ||
| 072 |
_aM10; M40 _b8110 _b8140 _b8134 _b/G514 |
||
| 090 | _ 8110 BR8104082 | ||
| 100 | 1 | _aMachado, C.E. de M. | |
| 245 | 1 | _aCriacao pratica de peixes: carpa, apaiari, tucunare, peixe-rei, black-bass, tilapia [Piscicultura; Brasil] | |
| 250 | 1 | _a8. ed. | |
| 260 | 3 |
_aSao Paulo, SP (Brasil): _bLivraria Nobel, _c1981. |
|
| 300 | _a120 p. | ||
| 500 | _a47 illus.; 14 ref. | ||
| 650 | _aCARPA | ||
| 650 | _aACARA-ACU | ||
| 650 | _aTUCUNARE | ||
| 650 | _aPEIXE-REI | ||
| 650 | _aBLACK-BASS | ||
| 650 | _aTILAPIA | ||
| 650 | _aPISCICULTURA | ||
| 650 | _aECOLOGIA AQUATICA | ||
| 909 |
_a202309 _bLucia _c55 _dLucia Elande |
||
| 942 | _cBK | ||
| 999 |
_c31649 _d31649 |
||